000 00707nam a2200241Ia 4500
003 OSt
005 20220923220750.0
006 a|||||r|||| 00| 0
007 ta
008 220922b |||||||| |||| 00| 0 hin d
024 _a190,163
037 _cTextual
040 _aARTS
_cARTS
_bhin
041 _2hin
_ahin
082 _aO152,2NKK,6, N7
100 _aकुसुम कुमार
_9156290
245 0 _aलश्कर चौक
246 _aLashkar chauka
260 _aदिल्ली
_b सारांश प्रकाशन
_c1997
300 _a88पृ.
_ccm.
942 _hO152,2NKK,6, N7
_cTEXL
_2CC
999 _c342957
_d342957